| Tag |
First Indicator |
Second Indicator |
Subfields |
| LEADER |
00000cam a2200000 a 4500 |
| 001 |
in00004478713 |
| 005 |
20191202143612.0 |
| 008 |
930812s1993 enka b 001 0 eng d |
| 020 |
|
|
|a 0080408435 (Hardcover)
|
| 020 |
|
|
|a 0080408443 (Flexicover)
|
| 035 |
|
|
|a (OCoLC)28622267
|
| 035 |
|
|
|z (UtOrBLW)17133
|
| 035 |
|
|
|a 28880
|
| 040 |
|
|
|a GZM
|c GZM
|d TMV
|d UtOrBLW
|
| 049 |
|
|
|a TMVM
|c 1
|c 2
|
| 060 |
|
4 |
|a SF 427.4
|b W236 1993
|
| 245 |
0 |
4 |
|a The Waltham book of companion animal nutrition /
|c edited by I.H. Burger.
|
| 250 |
|
|
|a First edition.
|
| 264 |
|
1 |
|a Oxford ;
|a New York :
|b Pergamon Press,
|c 1993.
|
| 300 |
|
|
|a xiii, 136 pages :
|b illustrations ;
|c 24 cm.
|
| 336 |
|
|
|a text
|2 rdacontent
|b txt
|
| 337 |
|
|
|a unmediated
|2 rdamedia
|
| 338 |
|
|
|a volume
|2 rdacarrier
|b nc
|
| 500 |
|
|
|a "Formerly the Waltham Book of Dog & Cat Nutrition."
|
| 504 |
|
|
|a Includes bibliographical references (pages [111]-117) and index.
|
| 505 |
0 |
|
|a Foods fit for companion animals -- Basic guide to nutrient requirements -- Digestion and absorption -- Balanced diet for dogs and cats -- Feeding dogs and cats for life -- Nutrition of pet birds -- Nutrition of ornamental fish -- Nutrition of horses.
|
| 650 |
|
2 |
|a Animal Nutritional Physiological Phenomena.
|
| 650 |
|
2 |
|a Birds.
|
| 650 |
|
2 |
|a Cats.
|
| 650 |
|
2 |
|a Dogs.
|
| 650 |
|
2 |
|a Fishes.
|
| 650 |
|
2 |
|a Horses.
|
| 700 |
1 |
|
|a Burger, I. H.
|
| 740 |
0 |
|
|a Waltham book of dog & cat nutrition.
|
| 740 |
0 |
|
|a Waltham book of dog and cat nutrition.
|
| 999 |
|
|
|a MARS
|
| 999 |
f |
f |
|s 0c76a601-b393-3410-97e9-bf4a13adff72
|i 510ab946-6e22-3e9b-8262-6086699ac078
|t 0
|
| 952 |
f |
f |
|p preservation
|a Texas A&M University
|b J.J. Pickle Campus
|c High Density Repository
|d Remote Storage
|t 0
|e SF 427.4 W236 1993
|h National Library of Medicine classification
|i unmediated -- volume
|m 3238902304854
|
| 998 |
f |
f |
|a SF 427.4 W236 1993
|t 0
|l Remote Storage
|